=LDR 00000nam 2200000 4500 =001 INLIS000000000014189 =005 20220926083943 =035 ##$$a 0010-061300000014189 =008 220926################g##########0#ind## =041 ##$$a Ind =082 ##$$a 306 =090 ##$$a 306, Est d =100 1#$$a Esten, Mursal =245 1#$$a Desentralisasi kebudayaan /$c Mursal Esten =260 ##$$a Bandung :$b Angkasa,$c 1999 =300 ##$$a viii, 160 hlm, ; $c 14 x 21 cm =650 #4$$a Kebudayaan =850 ##$$a NBPNMAT =084 ##$$a 306 EST d =250 ##$$a cet. 1 =990 ##$$a 30502587 =990 ##$$a 30502586 =990 ##$$a 30502589 =990 ##$$a 30502589 =990 ##$$a 30502587 =990 ##$$a 30502586 =990 ##$$a 30502589 =990 ##$$a 30502587 =990 ##$$a 30502586 =990 ##$$a 30502586 =990 ##$$a 30502587 =990 ##$$a 30502589 =990 ##$$a 30502587 =990 ##$$a 30502586 =990 ##$$a 30502589